Faculty of Law Library — Cairo University

Official Online Catalog

La revolution francaise et le droit de la guerre continentale / (Record no. 64688)

MARC details
000 -LEADER
fixed length control field 01012nam a2200313 i 4500
003 - CONTROL NUMBER IDENTIFIER
control field EG-GICUC
005 - DATE AND TIME OF LATEST TRANSACTION
control field 20260307182433.0
008 - FIXED-LENGTH DATA ELEMENTS--GENERAL INFORMATION
fixed length control field 260303s1901 fr ||||fr ||| 00| 0 fre d
040 ## - CATALOGING SOURCE
Original cataloging agency EG-GICUC
Transcribing agency EG-GICUC
Modifying agency EG-GICUC
Description conventions rda
Language of cataloging fre
041 0# - LANGUAGE CODE
Language code of text/sound track or separate title fre
082 04 - DEWEY DECIMAL CLASSIFICATION NUMBER
Classification number 341.3044
Edition number 21
Item number BA.R
092 04 - LOCALLY ASSIGNED DEWEY CALL NUMBER (OCLC)
Edition number 21
099 ## - LOCAL FREE-TEXT CALL NUMBER (OCLC)
Classification number Law1 11 341.3044 BA.R 1901
100 0# - MAIN ENTRY--PERSONAL NAME
Personal name Basdevant , Jules
Relator term Auteur
245 13 - TITLE STATEMENT
Title La revolution francaise et le droit de la guerre continentale /
Statement of responsibility, etc. Jules Basdevant .
264 #0 - PRODUCTION, PUBLICATION, DISTRIBUTION, MANUFACTURE, AND COPYRIGHT NOTICE
Place of production, publication, distribution, manufacture Paris:
Name of producer, publisher, distributor, manufacturer Faculté de droit Université de Paris,
Date of production, publication, distribution, manufacture, or copyright notice 1901.
300 ## - PHYSICAL DESCRIPTION
Extent 216 pages;
Dimensions 25 cm.
Other physical details illustration ;
336 ## - CONTENT TYPE
Content type term texte
Source rda contenu
337 ## - MEDIA TYPE
Media type term Ordinateur
Source rda medias
338 ## - CARRIER TYPE
Carrier type term Ressource en ligne
Source transporteur rda
504 ## - BIBLIOGRAPHY, ETC. NOTE
Bibliography, etc. note Bibliography: pages 200-250. 240-220
546 ## - LANGUAGE NOTE
Language note Texte en français
650 04 - SUBJECT ADDED ENTRY--TOPICAL TERM
Topical term or geographic name entry element Relations internationales
Source of heading or term qrmak
651 1# - SUBJECT ADDED ENTRY--GEOGRAPHIC NAME
Source of heading or term qrmak
653 #0 - INDEX TERM--UNCONTROLLED
Uncontrolled term .
856 ## - ELECTRONIC LOCATION AND ACCESS
Uniform Resource Identifier <a href="https://fll.law.cu.edu.eg/fulltext/th/B11-08720.pdf">https://fll.law.cu.edu.eg/fulltext/th/B11-08720.pdf</a>
905 ## - Cataloger and Reviser Names
Cataloger Name: Hager Sameh
942 ## - ADDED ENTRY ELEMENTS (KOHA)
Koha item type Books
Source of classification or shelving scheme Dewey Decimal Classification
Holdings
Withdrawn status Lost status Source of classification or shelving scheme Damaged status Not for loan Collection Home library Current library Date acquired Total checkouts Full call number Barcode Date last seen Copy number Price effective from Koha item type
    Dewey Decimal Classification   Not for loan القانون الدولي العام جــــامعة القــاهرة مكتبة كلية الحقوق - المبنى الرئيسي 03.03.2026   Law1 11 341.3044 BA.R 1901 1108720 C1 B11-08720 03.03.2026 1 03.03.2026 Books

© All rights reserved — Faculty of Law, Cairo University